Saltar ao contenido

Растения под крышей учебное пособие для направлений подготовки бакалавриата и магистратуры «агрономия», «агрохимия и агропочвоведение», «ландшафтная архитектура»

Gardado en:
Detalles Bibliográficos
Autor Principal: Роньжина Е. С.
Formato: Книга
Idioma:Russian
Publicado: Калининград КГТУ 2015
Acceso en liña:https://e.lanbook.com/book/367331
https://e.lanbook.com/img/cover/book/367331.jpg
Метки: Engadir etiqueta
Sen Etiquetas, Sexa o primeiro en etiquetar este rexistro!
LEADER 01134nam0a2200241 i 4500
001 367331
003 RuSpLAN
005 20240216150949.0
008 240216s2015 ru gs 000 0 rus
040 |a RuSpLAN 
041 0 |a rus 
044 |a ru 
080 |a 58 
245 0 0 |a Растения под крышей  |b учебное пособие для направлений подготовки бакалавриата и магистратуры «агрономия», «агрохимия и агропочвоведение», «ландшафтная архитектура»  |c Роньжина Е. С. 
260 |a Калининград  |b КГТУ  |c 2015 
300 |a 54 с. 
504 |a Библиогр.: доступна в карточке книги, на сайте ЭБС Лань 
521 8 |a Книга из коллекции КГТУ - Ветеринария и сельское хозяйство 
521 8 |a СЭБ 
100 1 |a Роньжина Е. С. 
856 4 |u https://e.lanbook.com/book/367331 
856 4 8 |u https://e.lanbook.com/img/cover/book/367331.jpg 
953 |a https://e.lanbook.com/img/cover/book/367331.jpg